000 006761nama22002411 i4500
001 CO-MdBIC
003 CO-MdBIC
005 20220303175644.0
008 220301t2005 -usa|||| |||| 00| 0 spa d
020 _a9583018724
040 _aCO-MdBIC
_bspa.
_cCO-MdBIC
_dCO-MdBIC
082 _222
_a791.43
_bD612ca
100 _aDisney, Walt,
_d1901-1966
110 _aDisney,
245 _aCaperucita roja
_b/Disney
264 _a Bogot,̀Colombia :
_bPanamericana,
_c♭ 2005
300 _a[12 paginas] ;
_bIlustraciones a color :
_c17 cm.
490 _aMis libros puzle
505 8 _a[no genera informacin̤ asociada]
650 _xObediencia
700 _aDisney
942 _cLGB
999 _c67351
_d67351